000 00671nas a2200241 4500
001 BR9205518
003 BR-BrBNA
005 20231205092842.0
007 ta
008 230509b bl.|||p| |||| 00| 00por d
040 _aBR-BrBNA
_bpor
_cBiblioteca Nacional de Agricultura
041 _a(Pt)
072 _aN20
100 1 _aAnon.
245 1 _aCercar a fazenda exige tecnica e criatividade
650 _aCERCA
650 _aMOURAO
650 _aINSTALACAO AGRICOLA
650 _aPRATICO
773 0 _tDirigente Rural (Brazil)
_xISSN 0012-3374
_g(Apr-May 1990), v. 29(4-5) p. 10-13
_wBR9205518
909 _a202311
_bLúcia
_c55
_dLúcia Elande
942 _2AGRIS
_n0
_cANA
999 _c134675
_d134675